[Event "South Island Championships 2023"]
[Site "Oamaru, New Zealand"]
[Date "????.??.??"]
[Round "6.1"]
[White "Lukey, Stephen G"]
[Black "Zhang, Kendrick Botong"]
[Result "0-1"]
[TimeControl "90 + 30"]
[WhiteFideId "4300386"]
[BlackFideId "4307704"]
[WhiteElo "2307"]
[BlackElo "2067"]

1. d4 {[%clk 01:29:20]} {[%emt 00:01:39]} Nf6 {[%clk 01:30:53]} {[%emt
00:00:06]} 2. c4 {[%clk 01:29:46]} {[%emt 00:00:04]} g6 {[%clk 01:31:19]}
{[%emt 00:00:05]} 3. Nc3 {[%clk 01:30:12]} {[%emt 00:00:05]} d5 {[%clk
01:31:45]} {[%emt 00:00:03]} 4. Nf3 {[%clk 01:28:22]} {[%emt 00:02:20]} Bg7
{[%clk 01:32:07]} {[%emt 00:00:08]} 5. h4 {[%clk 01:28:48]} {[%emt 00:00:04]}
O-O {[%clk 01:14:57]} {[%emt 00:17:40]} 6. cxd5 {[%clk 01:29:05]} {[%emt
00:00:13]} Nxd5 {[%clk 01:15:21]} {[%emt 00:00:06]} 7. h5 {[%clk 01:29:29]}
{[%emt 00:00:06]} c5 {[%clk 01:05:42]} {[%emt 00:10:08]} 8. hxg6 {[%clk
01:29:32]} {[%emt 00:00:28]} hxg6 {[%clk 01:05:53]} {[%emt 00:00:16]} 9. Bh6
{[%clk 01:29:22]} {[%emt 00:00:43]} Nxc3 {[%clk 00:55:06]} {[%emt 00:11:17]} 10.
bxc3 {[%clk 01:27:54]} {[%emt 00:01:59]} cxd4 {[%clk 00:53:18]} {[%emt
00:02:17]} 11. Qc1 {[%clk 01:19:40]} {[%emt 00:08:43]} d3 {[%clk 00:37:30]}
{[%emt 00:16:19]} 12. exd3 {[%clk 01:18:27]} {[%emt 00:01:43]} Nc6 {[%clk
00:36:25]} {[%emt 00:01:35]} 13. Bxg7 {[%clk 01:18:38]} {[%emt 00:00:19]} Kxg7
{[%clk 00:36:50]} {[%emt 00:00:05]} 14. Qh6+ {[%clk 01:18:53]} {[%emt
00:00:15]} Kf6 {[%clk 00:37:15]} {[%emt 00:00:05]} 15. Ng5 {[%clk 01:10:12]}
{[%emt 00:09:11]} Rg8 {[%clk 00:25:53]} {[%emt 00:11:52]} 16. Ne4+ {[%clk
00:55:13]} {[%emt 00:15:28]} Ke6 {[%clk 00:24:12]} {[%emt 00:02:11]} 17. Qf4
{[%clk 00:49:22]} {[%emt 00:06:21]} f5 {[%clk 00:13:58]} {[%emt 00:10:44]} 18.
Nc5+ {[%clk 00:35:56]} {[%emt 00:13:56]} Kf6 {[%clk 00:13:53]} {[%emt
00:00:35]} 19. d4 {[%clk 00:34:51]} {[%emt 00:01:35]} Rh8 {[%clk 00:10:02]}
{[%emt 00:04:21]} 20. Rxh8 {[%clk 00:30:41]} {[%emt 00:04:41]} Qxh8 {[%clk
00:10:20]} {[%emt 00:00:11]} 21. d5 {[%clk 00:25:15]} {[%emt 00:05:57]} Kf7
{[%clk 00:09:35]} {[%emt 00:01:15]} 22. Kd2 {[%clk 00:16:39]} {[%emt 00:09:05]}
Na5 {[%clk 00:01:43]} {[%emt 00:08:23]} 23. Qc7 {[%clk 00:10:55]} {[%emt
00:06:14]} b6 {[%clk 00:01:40]} {[%emt 00:00:33]} 24. Nd3 {[%clk 00:01:42]}
{[%emt 00:09:43]} Bb7 {[%clk 00:00:39]} {[%emt 00:01:31]} 25. Re1 {[%clk
00:01:19]} {[%emt 00:00:52]} Qd8 {[%clk 00:00:32]} {[%emt 00:00:37]} 26. Ne5+
{[%clk 00:00:39]} {[%emt 00:01:11]} Kg7 {[%clk 00:00:57]} {[%emt 00:00:05]} 27.
Qxd8 {[%clk 00:00:39]} {[%emt 00:00:30]} Rxd8 {[%clk 00:01:23]} {[%emt
00:00:04]} 28. c4 {[%clk 00:01:00]} {[%emt 00:00:08]} e6 {[%clk 00:01:25]}
{[%emt 00:00:28]} 29. Kc3 {[%clk 00:00:42]} {[%emt 00:00:49]} exd5 {[%clk
00:01:48]} {[%emt 00:00:08]} 30. cxd5 {[%clk 00:00:54]} {[%emt 00:00:18]} Rxd5
{[%clk 00:01:35]} {[%emt 00:00:42]} 31. f4 {[%clk 00:01:00]} {[%emt 00:00:23]}
Rc5+ {[%clk 00:01:53]} {[%emt 00:00:13]} 32. Kb2 {[%clk 00:00:58]} {[%emt
00:00:32]} Be4 {[%clk 00:02:03]} {[%emt 00:00:20]} 33. Rd1 {[%clk 00:01:13]}
{[%emt 00:00:15]} Rd5 {[%clk 00:01:11]} {[%emt 00:01:21]} 34. Rc1 {[%clk
00:01:20]} {[%emt 00:00:23]} Rc5 {[%clk 00:00:38]} {[%emt 00:01:04]} 35. Rd1
{[%clk 00:01:31]} {[%emt 00:00:18]} Rd5 {[%clk 00:00:47]} {[%emt 00:00:21]} 36.
Rc1 {[%clk 00:01:56]} {[%emt 00:00:05]} Bxg2 {[%clk 00:00:35]} {[%emt
00:00:42]} 37. Bxg2 {[%clk 00:02:13]} {[%emt 00:00:13]} Rd2+ {[%clk 00:01:00]}
{[%emt 00:00:04]} 38. Rc2 {[%clk 00:02:35]} {[%emt 00:00:08]} Rd4 {[%clk
00:00:57]} {[%emt 00:00:34]} 39. Rf2 {[%clk 00:00:49]} {[%emt 00:02:16]} Kf6
{[%clk 00:01:03]} {[%emt 00:00:24]} 40. Nc6 {[%clk 00:00:45]} {[%emt 00:00:34]}
Nxc6 {[%clk 00:00:59]} {[%emt 00:00:34]} 41. Bxc6 {[%clk 00:01:04]} {[%emt
00:00:09]} g5 {[%clk 00:01:06]} {[%emt 00:00:24]} 42. fxg5+ {[%clk 00:01:31]}
{[%emt 00:00:04]} Kxg5 {[%clk 00:01:29]} {[%emt 00:00:06]} 43. Kc3 {[%clk
00:01:49]} {[%emt 00:00:10]} Rd6 {[%clk 00:01:24]} {[%emt 00:00:37]} 44. Bb5
{[%clk 00:01:26]} {[%emt 00:00:53]} f4 {[%clk 00:01:19]} {[%emt 00:00:36]} 45.
Rd2 {[%clk 00:01:17]} {[%emt 00:00:38]} Re6 {[%clk 00:01:13]} {[%emt 00:00:37]}
46. Rd7 {[%clk 00:01:09]} {[%emt 00:00:37]} Re3+ {[%clk 00:00:36]} {[%emt
00:01:08]} 47. Kd4 {[%clk 00:01:08]} {[%emt 00:00:29]} Ra3 {[%clk 00:01:00]}
{[%emt 00:00:07]} 48. Bc4 {[%clk 00:01:11]} {[%emt 00:00:24]} f3 {[%clk
00:01:05]} {[%emt 00:00:29]} 49. Bb3 {[%clk 00:00:55]} {[%emt 00:00:45]} a5
{[%clk 00:00:49]} {[%emt 00:00:47]} 50. Kc3 {[%clk 00:00:35]} {[%emt 00:00:50]}
a4 {[%clk 00:00:33]} {[%emt 00:00:46]} 51. Rd5+ {[%clk 00:01:01]} {[%emt
00:00:03]} Kf4 {[%clk 00:00:39]} {[%emt 00:00:24]} 52. Rd4+ {[%clk 00:01:16]}
{[%emt 00:00:15]} Ke3 {[%clk 00:00:50]} {[%emt 00:00:19]} 53. Rd3 {[%clk
00:00:41]} {[%emt 00:01:05]} Ke2 {[%clk 00:00:46]} {[%emt 00:00:35]} 54. Rd2+
{[%clk 00:01:01]} {[%emt 00:00:09]} Ke3 {[%clk 00:00:54]} {[%emt 00:00:22]} 55.
Rd3 {[%clk 00:01:09]} {[%emt 00:00:22]} Ke4 {[%clk 00:00:34]} {[%emt 00:00:51]}
56. Rd4+ {[%clk 00:01:22]} {[%emt 00:00:16]} Ke5 {[%clk 00:00:36]} {[%emt
00:00:29]} 57. Rd5+ {[%clk 00:00:40]} {[%emt 00:01:13]} Ke6 {[%clk 00:00:37]}
{[%emt 00:00:28]} 58. Rd3+ {[%clk 00:00:39]} {[%emt 00:00:30]} axb3 {[%clk
00:00:54]} {[%emt 00:00:14]} 59. axb3 {[%clk 00:00:44]} {[%emt 00:00:25]} f2
{[%clk 00:01:09]} {[%emt 00:00:15]} 60. Rf3 {[%clk 00:00:37]} {[%emt 00:00:37]}
Ra2 {[%clk 00:01:27]} {[%emt 00:00:12]} 61. Kc4 {[%clk 00:00:55]} {[%emt
00:00:10]} Ke5 {[%clk 00:01:13]} {[%emt 00:00:45]} 62. Kb5 {[%clk 00:01:15]}
{[%emt 00:00:10]} Ke4 {[%clk 00:01:31]} {[%emt 00:00:12]} 63. Rf8 {[%clk
00:01:33]} {[%emt 00:00:11]} Rb2 {[%clk 00:01:18]} {[%emt 00:00:45]} 64. b4
{[%clk 00:00:44]} {[%emt 00:01:19]} Ke3 {[%clk 00:01:27]} {[%emt 00:00:21]} 65.
Rf7 {[%clk 00:00:39]} {[%emt 00:00:35]} Ke2 {[%clk 00:01:16]} {[%emt 00:00:41]}
66. Re7+ {[%clk 00:01:04]} {[%emt 00:00:05]} Kd1 {[%clk 00:01:37]} {[%emt
00:00:08]} 67. Rf7 {[%clk 00:01:13]} {[%emt 00:00:20]} Ke1 {[%emt 00:02:32]} 68.
Re7+ Re2 69. Rf7 Rd2 0-1

[Event "South Island Championships 2023"]
[Site "Oamaru, New Zealand"]
[Date "????.??.??"]
[Round "6.10"]
[White "McConnell, Jack"]
[Black "Wang, Justin Zhide"]
[Result "1/2-1/2"]
[TimeControl "90 + 30"]
[WhiteFideId "4321871"]
[BlackFideId "4312830"]
[WhiteElo "1640"]
[BlackElo "1849"]

1. e4 {[%clk 01:30:57]} {[%emt 00:00:02]} e6 {[%clk 01:30:59]} {[%emt
00:00:03]} 2. d4 {[%clk 01:31:20]} {[%emt 00:00:06]} d5 {[%clk 01:31:27]}
{[%emt 00:00:03]} 3. Nc3 {[%clk 01:31:41]} {[%emt 00:00:07]} Nf6 {[%clk
01:31:55]} {[%emt 00:00:04]} 4. Bg5 {[%clk 01:32:02]} {[%emt 00:00:07]} Be7
{[%clk 01:32:22]} {[%emt 00:00:04]} 5. e5 {[%clk 01:32:21]} {[%emt 00:00:11]}
Nfd7 {[%emt 00:00:03]} 6. Bxe7 {[%clk 01:32:38]} {[%emt 00:00:12]} Qxe7 {[%clk
01:33:15]} {[%emt 00:00:05]} 7. f4 {[%clk 01:32:58]} {[%emt 00:00:09]} a6
{[%clk 01:33:43]} {[%emt 00:00:03]} 8. Nf3 {[%clk 01:33:00]} {[%emt 00:00:27]}
c5 {[%clk 01:34:08]} {[%emt 00:00:06]} 9. Bd3 {[%clk 01:33:10]} {[%emt
00:00:19]} Nc6 {[%clk 01:34:35]} {[%emt 00:00:04]} 10. O-O {[%clk 01:29:07]}
{[%emt 00:04:33]} cxd4 {[%clk 01:33:56]} {[%emt 00:01:10]} 11. Ne2 {[%clk
01:29:09]} {[%emt 00:00:27]} Qc5 {[%clk 01:34:11]} {[%emt 00:00:15]} 12. a3
{[%clk 01:28:03]} {[%emt 00:01:36]} b5 {[%clk 01:34:25]} {[%emt 00:00:16]} 13.
b4 {[%clk 01:27:38]} {[%emt 00:00:55]} Qb6 {[%clk 01:33:42]} {[%emt 00:01:13]}
14. Qe1 {[%clk 01:26:51]} {[%emt 00:01:18]} Bb7 {[%clk 01:31:58]} {[%emt
00:02:13]} 15. Qf2 {[%clk 01:25:36]} {[%emt 00:01:45]} Rc8 {[%clk 01:31:47]}
{[%emt 00:00:42]} 16. Nexd4 {[%clk 01:24:10]} {[%emt 00:01:55]} Nxd4 {[%clk
01:32:08]} {[%emt 00:00:09]} 17. Qxd4 {[%clk 01:22:58]} {[%emt 00:01:42]} Qxd4+
{[%clk 01:24:29]} {[%emt 00:08:09]} 18. Nxd4 {[%clk 01:20:38]} {[%emt
00:02:49]} Nb6 {[%clk 01:24:17]} {[%emt 00:00:43]} 19. f5 {[%clk 01:05:38]}
{[%emt 00:15:29]} Ke7 {[%clk 01:07:31]} {[%emt 00:17:17]} 20. fxe6 {[%clk
01:03:46]} {[%emt 00:02:22]} fxe6 {[%clk 01:06:56]} {[%emt 00:01:05]} 21. Nf3
{[%clk 01:03:52]} {[%emt 00:00:24]} Nc4 {[%clk 01:01:33]} {[%emt 00:05:54]} 22.
Bxc4 {[%clk 01:03:55]} {[%emt 00:00:26]} dxc4 {[%clk 01:01:41]} {[%emt
00:00:23]} 23. Ng5 {[%clk 01:02:10]} {[%emt 00:02:14]} Rcf8 {[%clk 01:01:10]}
{[%emt 00:01:01]} 24. Rxf8 {[%clk 01:02:30]} {[%emt 00:00:10]} Rxf8 {[%clk
01:01:34]} {[%emt 00:00:07]} 25. Rf1 {[%clk 01:01:04]} {[%emt 00:01:55]} Rxf1+
{[%clk 01:01:09]} {[%emt 00:00:56]} 26. Kxf1 {[%clk 01:01:26]} {[%emt
00:00:08]} h6 {[%clk 01:01:38]} 27. Nh3 {[%clk 01:00:28]} {[%emt 00:01:27]} g5
{[%clk 01:00:43]} {[%emt 00:01:26]} 28. Nf2 {[%clk 00:59:52]} {[%emt 00:01:05]}
Kf7 {[%clk 01:00:40]} {[%emt 00:00:33]} 29. Ng4 {[%clk 00:59:51]} {[%emt
00:00:31]} Kg6 {[%clk 01:00:52]} {[%emt 00:00:19]} 30. Ne3 {[%clk 01:00:08]}
{[%emt 00:00:12]} h5 {[%clk 01:00:02]} {[%emt 00:01:20]} 31. g3 {[%clk
00:59:49]} {[%emt 00:00:49]} g4 {[%clk 00:59:13]} {[%emt 00:01:19]} 32. c3
{[%clk 00:59:57]} {[%emt 00:00:22]} Bd5 {[%clk 00:59:27]} {[%emt 00:00:16]} 33.
Kf2 {[%clk 00:59:49]} {[%emt 00:00:39]} Bf3 {[%clk 00:59:20]} {[%emt 00:00:36]}
34. Kg1 {[%clk 00:59:57]} {[%emt 00:00:21]} h4 {[%clk 00:57:06]} {[%emt
00:02:45]} 35. Kf2 {[%clk 01:00:19]} {[%emt 00:00:08]} hxg3+ {[%clk 00:54:30]}
{[%emt 00:03:06]} 36. hxg3 {[%clk 01:00:40]} {[%emt 00:00:09]} Be4 {[%clk
00:54:10]} {[%emt 00:00:51]} 37. Ke1 {[%clk 01:00:54]} {[%emt 00:00:14]} Bf3
{[%clk 00:46:13]} {[%emt 00:08:28]} 38. Kd2 {[%clk 01:00:48]} {[%emt 00:00:36]}
Kg5 {[%clk 00:40:49]} {[%emt 00:05:55]} 39. Kc1 {[%clk 01:00:59]} {[%emt
00:00:18]} Kg6 {[%clk 00:38:56]} {[%emt 00:02:23]} 40. Kb2 {[%clk 01:01:05]}
{[%emt 00:00:24]} Kf7 {[%clk 00:37:28]} {[%emt 00:01:59]} 41. a4 {[%clk
00:56:53]} {[%emt 00:04:41]} Kg6 {[%clk 00:30:02]} {[%emt 00:07:56]} 42. axb5
{[%clk 00:55:54]} {[%emt 00:01:29]} axb5 {[%clk 00:30:28]} {[%emt 00:00:04]} 43.
Ka3 {[%clk 00:56:06]} {[%emt 00:00:18]} Kg5 {[%clk 00:29:57]} {[%emt 00:01:01]}
44. Kb2 {[%clk 00:56:30]} {[%emt 00:00:06]} Bd5 {[%clk 00:29:15]} {[%emt
00:01:12]} 45. Kc1 {[%clk 00:56:32]} {[%emt 00:00:27]} Be4 {[%clk 00:27:10]}
{[%emt 00:02:36]} 46. Kd2 {[%clk 00:56:45]} {[%emt 00:00:16]} Bd3 {[%clk
00:26:42]} {[%emt 00:00:58]} 47. Ke1 {[%clk 00:56:22]} {[%emt 00:00:53]}
1/2-1/2

[Event "South Island Championships 2023"]
[Site "Oamaru, New Zealand"]
[Date "????.??.??"]
[Round "6.7"]
[White "Cummings, Nick"]
[Black "Summers, Paul G"]
[Result "1-0"]
[TimeControl "90 + 30"]
[WhiteFideId "4301218"]
[BlackFideId "3232883"]
[WhiteElo "2094"]
[BlackElo "1799"]

1. Nf3 {[%clk 01:30:53]} {[%emt 00:00:06]} d6 {[%clk 01:30:30]} {[%emt
00:00:31]} 2. d4 {[%clk 01:29:59]} {[%emt 00:01:24]} Nf6 {[%clk 01:30:53]}
{[%emt 00:00:06]} 3. Nc3 {[%clk 01:29:58]} {[%emt 00:00:31]} Bf5 {[%clk
01:30:21]} {[%emt 00:01:02]} 4. Bf4 {[%clk 01:25:23]} {[%emt 00:05:05]} Na6
{[%clk 01:29:06]} {[%emt 00:01:46]} 5. e3 {[%clk 01:20:07]} {[%emt 00:05:46]}
Nb4 {[%clk 01:27:40]} {[%emt 00:01:56]} 6. Rc1 {[%clk 01:20:27]} {[%emt
00:00:10]} a5 {[%clk 01:26:57]} {[%emt 00:01:13]} 7. Be2 {[%clk 01:16:32]}
{[%emt 00:04:24]} h6 {[%clk 01:20:29]} {[%emt 00:06:59]} 8. O-O {[%clk
01:14:39]} {[%emt 00:02:23]} g5 {[%clk 01:19:17]} {[%emt 00:01:41]} 9. Bg3
{[%clk 01:14:09]} {[%emt 00:01:00]} Bg7 {[%clk 01:18:15]} {[%emt 00:01:33]} 10.
Nd2 {[%clk 01:09:37]} {[%emt 00:05:02]} Qd7 {[%clk 01:13:56]} {[%emt 00:04:49]}
11. a3 {[%emt 00:08:28]} Na6 {[%clk 01:14:13]} 12. e4 {[%clk 00:58:03]} {[%emt
00:04:18]} Bg6 {[%clk 01:13:51]} {[%emt 00:00:52]} 13. e5 {[%clk 00:52:21]}
{[%emt 00:06:13]} dxe5 {[%clk 01:13:12]} {[%emt 00:01:09]} 14. dxe5 {[%clk
00:52:26]} {[%emt 00:00:25]} Nd5 {[%clk 01:11:53]} {[%emt 00:01:49]} 15. Nxd5
{[%clk 00:52:02]} {[%emt 00:00:55]} Qxd5 {[%clk 01:11:35]} {[%emt 00:00:47]} 16.
Bc4 {[%clk 00:47:37]} {[%emt 00:04:54]} Qc5 {[%clk 01:10:15]} {[%emt 00:01:51]}
17. Qe2 {[%clk 00:42:13]} {[%emt 00:05:54]} c6 {[%clk 01:04:20]} {[%emt
00:06:24]} 18. Ne4 {[%clk 00:40:50]} {[%emt 00:01:54]} Bxe4 {[%clk 01:01:27]}
{[%emt 00:03:23]} 19. Qxe4 {[%clk 00:41:06]} {[%emt 00:00:13]} b5 {[%clk
01:01:34]} {[%emt 00:00:24]} 20. Ba2 {[%clk 00:36:02]} {[%emt 00:05:33]} Rd8
{[%clk 00:57:14]} {[%emt 00:04:50]} 21. Kh1 {[%clk 00:32:14]} {[%emt 00:04:17]}
e6 {[%emt 00:16:12]} 22. f4 {[%clk 00:30:55]} gxf4 {[%clk 00:36:45]} {[%emt
00:07:08]} 23. Qxf4 {[%clk 00:22:34]} {[%emt 00:08:49]} Rf8 {[%clk 00:35:50]}
{[%emt 00:01:27]} 24. Qe4 {[%clk 00:18:47]} {[%emt 00:04:16]} b4 {[%clk
00:32:03]} {[%emt 00:04:18]} 25. Bf2 {[%clk 00:17:07]} {[%emt 00:02:10]} Qb5
{[%clk 00:31:30]} {[%emt 00:01:02]} 26. Bc4 {[%clk 00:16:29]} {[%emt 00:01:08]}
Qb7 {[%clk 00:31:34]} {[%emt 00:00:27]} 27. Bh4 {[%clk 00:13:55]} {[%emt
00:03:02]} Rd7 {[%clk 00:30:11]} {[%emt 00:01:54]} 28. Bxe6 {[%clk 00:10:06]}
{[%emt 00:04:20]} fxe6 {[%clk 00:28:42]} {[%emt 00:01:59]} 29. Qg6+ {[%clk
00:10:13]} {[%emt 00:00:22]} Rff7 {[%clk 00:26:43]} {[%emt 00:02:29]} 30. Rxf7
{[%clk 00:07:40]} {[%emt 00:03:02]} Rxf7 {[%clk 00:26:31]} {[%emt 00:00:43]} 31.
Rd1 {[%clk 00:07:53]} {[%emt 00:00:18]} 1-0

[Event "South Island Championships 2023"]
[Site "Oamaru, New Zealand"]
[Date "????.??.??"]
[Round "6.3"]
[White "Lee, Edward S"]
[Black "Stark, John"]
[Result "1-0"]
[TimeControl "90 + 30"]
[WhiteFideId "4303229"]
[BlackFideId "4300963"]
[WhiteElo "2088"]
[BlackElo "2204"]

1. b3 {[%clk 01:30:30]} d5 {[%clk 00:00:00]} 2. Bb2 {[%clk 01:30:30]} c6 {[%clk
00:00:00]} 3. f4 {[%clk 01:31:39]} {[%emt 01:26:56]} Bf5 {[%clk 01:30:22]}
{[%emt 00:01:23]} 4. Nf3 {[%clk 01:31:14]} {[%emt 00:00:55]} e6 {[%clk
01:30:03]} {[%emt 00:00:50]} 5. e3 {[%clk 01:30:52]} {[%emt 00:00:52]} h6
{[%clk 01:30:04]} {[%emt 00:00:28]} 6. Be2 {[%clk 01:30:15]} {[%emt 00:01:07]}
Nf6 {[%clk 01:30:26]} {[%emt 00:00:09]} 7. a3 {[%clk 01:27:22]} {[%emt
00:03:23]} Nbd7 {[%clk 01:28:19]} {[%emt 00:02:37]} 8. d3 {[%clk 01:25:59]}
{[%emt 00:01:53]} Qb6 {[%clk 01:19:40]} {[%emt 00:09:09]} 9. Qd2 {[%clk
01:24:19]} {[%emt 00:02:10]} Bc5 {[%clk 01:17:10]} {[%emt 00:03:00]} 10. Nd4
{[%clk 01:23:39]} {[%emt 00:01:10]} Bh7 {[%clk 01:16:44]} {[%emt 00:00:51]} 11.
b4 {[%clk 01:23:15]} {[%emt 00:00:59]} Bd6 {[%clk 01:13:00]} {[%emt 00:04:11]}
12. g4 {[%clk 01:10:15]} {[%emt 00:13:32]} e5 {[%clk 01:10:54]} {[%emt
00:02:36]} 13. Nb3 {[%clk 01:07:44]} {[%emt 00:03:01]} O-O-O {[%clk 00:59:37]}
{[%emt 00:11:47]} 14. g5 {[%clk 01:00:35]} {[%emt 00:07:40]} hxg5 {[%clk
00:59:49]} {[%emt 00:00:18]} 15. fxg5 {[%emt 00:00:14]} Ng8 {[%clk 00:55:32]}
{[%emt 00:04:42]} 16. Nc3 {[%clk 00:58:50]} {[%emt 00:02:36]} Ne7 {[%clk
00:54:29]} {[%emt 00:01:33]} 17. O-O-O {[%clk 00:55:33]} {[%emt 00:03:46]} Bg6
{[%clk 00:41:20]} {[%emt 00:13:40]} 18. Bg4 {[%clk 00:49:10]} {[%emt 00:06:53]}
Rh4 {[%clk 00:35:13]} {[%emt 00:06:37]} 19. h3 {[%clk 00:42:22]} {[%emt
00:07:18]} Kb8 {[%clk 00:35:08]} {[%emt 00:00:36]} 20. Qf2 {[%clk 00:40:56]}
{[%emt 00:01:55]} Rhh8 {[%clk 00:34:16]} {[%emt 00:01:22]} 21. Bxd7 {[%clk
00:34:02]} {[%emt 00:07:24]} Rxd7 {[%clk 00:34:38]} {[%emt 00:00:08]} 22. Na4
{[%clk 00:34:27]} {[%emt 00:00:05]} Qc7 {[%clk 00:34:39]} {[%emt 00:00:30]} 23.
Nac5 {[%clk 00:34:30]} {[%emt 00:00:27]} Rdd8 {[%clk 00:34:37]} {[%emt
00:00:31]} 24. e4 {[%clk 00:33:37]} {[%emt 00:01:23]} d4 {[%clk 00:33:50]}
{[%emt 00:01:17]} 25. c3 {[%clk 00:32:54]} {[%emt 00:01:14]} dxc3 {[%clk
00:29:32]} {[%emt 00:04:48]} 26. Bxc3 {[%clk 00:33:17]} {[%emt 00:00:07]} Qc8
{[%clk 00:29:31]} {[%emt 00:00:30]} 27. Qg3 {[%clk 00:20:49]} {[%emt 00:12:58]}
f6 {[%clk 00:29:19]} {[%emt 00:00:43]} 28. gxf6 {[%clk 00:19:14]} {[%emt
00:02:04]} gxf6 {[%clk 00:29:46]} {[%emt 00:00:04]} 29. Rdf1 {[%clk 00:19:06]}
{[%emt 00:00:38]} Rhg8 {[%clk 00:21:11]} {[%emt 00:09:05]} 30. Qh4 {[%clk
00:15:40]} {[%emt 00:03:55]} b6 {[%clk 00:13:58]} {[%emt 00:07:43]} 31. Rxf6
{[%clk 00:09:51]} {[%emt 00:06:19]} bxc5 {[%clk 00:13:27]} {[%emt 00:01:01]} 32.
Rxd6 {[%clk 00:07:14]} {[%emt 00:03:08]} Rxd6 {[%clk 00:13:54]} {[%emt
00:00:03]} 33. Qxe7 {[%clk 00:07:17]} {[%emt 00:00:27]} Re6 {[%clk 00:03:42]}
{[%emt 00:10:41]} 34. Bxe5+ {[%clk 00:06:22]} {[%emt 00:01:25]} Ka8 {[%clk
00:04:10]} {[%emt 00:00:02]} 35. Qxc5 {[%clk 00:06:29]} {[%emt 00:00:23]} Qa6
{[%clk 00:04:02]} {[%emt 00:00:38]} 36. Bd4 {[%clk 00:05:53]} {[%emt 00:01:06]}
Qxa3+ {[%clk 00:03:17]} {[%emt 00:01:14]} 37. Kc2 {[%clk 00:06:15]} {[%emt
00:00:08]} Bxe4 {[%clk 00:03:04]} {[%emt 00:00:44]} 38. Ra1 {[%clk 00:06:18]}
{[%emt 00:00:27]} Rg2+ {[%clk 00:00:45]} {[%emt 00:02:49]} 39. Bf2 {[%clk
00:06:36]} {[%emt 00:00:12]} Bxd3+ {[%clk 00:00:32]} {[%emt 00:00:43]} 40. Kc3
{[%clk 00:06:51]} {[%emt 00:00:14]} Rxf2 {[%clk 00:00:32]} {[%emt 00:00:31]} 41.
Qxf2 {[%clk 00:06:46]} {[%emt 00:00:34]} 1-0

[Event "74th South Island Chess Championship"]
[Site "Oamaru NZL"]
[Date "2023.09.29"]
[Round "6.12"]
[White "Ha, Timothy Huy Minh"]
[Black "Mischke, Andreas"]
[Result "1-0"]
[WhiteElo "1843"]
[BlackElo "1680"]

1. d4 d5 2. Nf3 e6 3. g3 Nf6 4. Bg2 c5 5. c4 Nbd7 6. cxd5 exd5 7. O-O Bd6 8.
Nc3 Nb6 9. Bg5 c4 10. e4 Be7 11. e5 Ng8 12. Bxe7 Nxe7 13. a4 Be6 14. Ng5 O-O
15. a5 Nbc8 16. Nxe6 fxe6 17. b3 cxb3 18. Qxb3 b6 19. a6 Kh8 20. Rac1 Nf5 21.
Nb5 Nce7 22. Qb2 Rc8 23. Nxa7 Ra8 24. Nb5 Rxa6 25. Nc7 Qc8 26. Nxa6 Qxa6 27.
Ra1 Qd3 28. Rfd1 Qc4 29. Bf1 Qc7 30. Rdc1 Nc6 31. Ra4 b5 32. Ra6 Nfxd4 33. Qxd4
Nxd4 34. Rxc7 b4 35. Rca7 Kg8 36. Ra8 Rxa8 37. Rxa8+ Kf7 38. Ra7+ Kg6 39. Bd3+
Kh5 40. Kg2 h6 41. Rxg7 b3 42. Kh3 Nf3 43. g4# 1-0

[Event "74th South Island Chess Championship"]
[Site "Oamaru NZL"]
[Date "2023.09.29"]
[Round "6.13"]
[White "Carpinter, Anthony L"]
[Black "Holdo, Karl"]
[Result "1-0"]
[WhiteElo "2217"]
[BlackElo "1551"]

1. d4 Nf6 2. c4 e6 3. Nc3 Bb4 4. e3 b6 5. Ne2 Bb7 6. a3 Be7 7. d5 O-O 8. g3 e5
9. Bg2 d6 10. O-O Nbd7 11. b4 a5 12. Rb1 axb4 13. axb4 Re8 14. e4 Ba6 15. Qd3
Nf8 16. f3 h6 17. Be3 N8h7 18. Rbc1 Bc8 19. Nd1 Ng5 20. Nf2 Bd7 21. Rc2 Qc8 22.
c5 bxc5 23. bxc5 Qa6 24. c6 Bc8 25. Qd2 Qa5 26. Nc3 Ba6 27. Ra2 Bxf1 28. Rxa5
Rxa5 29. Kxf1 Rb8 30. Nfd1 Ra3 31. Kf2 Rab3 32. Bf1 R3b4 33. Bd3 Nfh7 34. h4
Nh3+ 35. Kg2 Nf4+ 36. gxf4 exf4 37. Bf2 g5 38. hxg5 hxg5 39. Ba7 Ra8 40. Qa2
Bf6 41. Nb5 Bd4 42. Qd2 Bc5 43. Bxc5 dxc5 44. Nxc7 Raa4 45. d6 1-0

[Event "74th South Island Chess Championship"]
[Site "Oamaru NZL"]
[Date "2023.09.29"]
[Round "6.14"]
[White "Koentges, Thomas"]
[Black "Malcolm, Leo"]
[Result "1/2-1/2"]
[WhiteElo "1773"]
[BlackElo "1876"]

1. b3 e5 2. Bb2 Nc6 3. c4 Bc5 4. e3 Nf6 5. Nc3 d5 6. cxd5 Nxd5 7. Nxd5 Qxd5 8.
Bc4 Qxg2 9. Qf3 Qxf3 10. Nxf3 f6 11. a3 Na5 12. d4 Nxc4 13. bxc4 exd4 14. Nxd4
Kf7 15. Nb3 Be7 16. Nd4 a6 17. Rc1 c5 18. Ne2 Be6 19. Nf4 Rad8 20. Nxe6 Kxe6
21. Ke2 Rd7 22. Bc3 Rd6 23. Rhg1 Kf7 24. Rb1 b6 25. a4 a5 26. e4 Re8 27. f3 Bd8
28. h4 Bc7 29. h5 Red8 30. e5 fxe5 31. f4 Re6 32. f5 Red6 33. Rg3 R8d7 34. Rbg1
Kf8 35. Rf1 Re7 36. Rfg1 Rf6 37. Rf1 Ref7 38. Rgf3 Rh6 39. Rh3 g6 40. f6 g5 41.
Bd2 Rhxf6 42. Rxf6 Rxf6 43. Bxg5 Rf5 44. Rf3 Rxf3 45. Kxf3 Kf7 46. Ke4 Ke6 47.
Bh4 b5 48. cxb5 Bb6 1/2-1/2

[Event "74th South Island Chess Championship"]
[Site "Oamaru NZL"]
[Date "2023.09.29"]
[Round "6.15"]
[White "Black, Ross"]
[Black "Williams, Matt"]
[Result "1-0"]
[WhiteElo "1724"]
[BlackElo "1828"]

1. e4 c6 2. d4 d5 3. exd5 cxd5 4. Nf3 Bg4 5. Be2 Nc6 6. O-O Nf6 7. c3 e6 8.
Nbd2 Bd6 9. h3 Bf5 10. Re1 h6 11. Nh2 Qc7 12. Ng4 O-O-O 13. Nxf6 gxf6 14. Bg4
Ne7 15. Nf1 h5 16. Bxf5 Nxf5 17. Qf3 Rdg8 18. Ne3 Nh6 19. Kf1 f5 20. Ke2 f4 21.
Nc2 Nf5 22. Na3 a6 23. Bd2 Nh4 24. Qd3 Rxg2 25. Rac1 Kb8 26. c4 f3+ 27. Kd1 Qd7
28. Qb3 Rc8 29. c5 Bc7 30. c6 Qxc6 31. Rxc6 Rxf2 32. Rxc7 Kxc7 33. Bf4+ Kc6 34.
Bg3 Rg2 35. Bxh4 f2 36. Rf1 Rg1 37. Ke2 Rcg8 38. Rxf2 1-0